000 00819nam a2200265 i 4500
001 C2-0245406
003 PPAK
005 20180727210405.0
008 030312s1999 enka|||| ||||| | eng d
020 _a1862053499
040 _aPPAK
_beng
_cPPAK
_erda
082 0 4 _a940.530222
_223
090 0 0 _a940.530222
_bBIN
_dR
100 1 _aBinns, Stewart,
_eauthor
245 1 4 _aThe second world war in colour
264 1 _aLondon :
_bPavilion Books ,
_c1999
300 _a208 pages :
_bcolour illustrations ;
_c26 cm
336 _2rdacontent
_atext
337 _2rdamedia
_aunmediated
338 _2rdacarrier
_avolume
500 _aBased on the ITV series
650 1 0 _aWorld War, 1939-1945 ; World War, 1939-1945 - Personal narratives ; World War, 1939-1945 - Pictoral works
700 _eauthor
942 _ddc
_cB
999 _c59458
_d59458